Unemployment: policy responses of western democracies
| Corporate Author: | |
|---|---|
| Contributors: | ; |
| Format: | Print Book |
| Language: | English |
| Published: |
Beverly Hills , Calif.
Sage Publ.
1984
|
| In: |
Sage modern politics series (8)
Year: 1984 |
| Availability in Tübingen: | Present in Tübingen. UB: KB 17 A 439 |
| Check availability: | HBZ Gateway |
| Subito Delivery Service: | Order now. |
| Keywords: |
MARC
| LEADER | 00000cam a2200000 c 4500 | ||
|---|---|---|---|
| 001 | 196985293 | ||
| 003 | DE-627 | ||
| 005 | 20260225143737.0 | ||
| 007 | tu | ||
| 008 | 960427s1984 xxk||||| 00| ||eng c | ||
| 020 | |a 0803997639 | ||
| 020 | |a 0803997647 | ||
| 035 | |a (DE-627)196985293 | ||
| 035 | |a (DE-603)080752853 | ||
| 035 | |a (DE-576)009771441 | ||
| 035 | |a (DE-599)GBV196985293 | ||
| 035 | |a (OCoLC)832465888 | ||
| 035 | |a (OCoLC)239805453 | ||
| 035 | |a (OCoLC)609414391 | ||
| 035 | |a (DE-604)8001986635 | ||
| 040 | |a DE-627 |b ger |c DE-627 |e rakwb | ||
| 041 | |a eng | ||
| 044 | |c XA-GB |c XD-US |c XB-IN | ||
| 082 | 0 | |a 331.13/791821 | |
| 082 | 0 | |a 331.13791821 |2 DDC19oclc | |
| 084 | |a QV 202 |2 rvk |0 (DE-625)rvk/142139: | ||
| 084 | |a QV 200 |2 rvk |0 (DE-625)rvk/142138: | ||
| 084 | |a MS 5350 |2 rvk |0 (DE-625)rvk/123724: | ||
| 245 | 0 | 0 | |a Unemployment |b policy responses of western democracies |c Ed.: Jeremy Richardson, Roger Henning. Spons. by the European Consortium for Political Research/ECPR |
| 264 | 1 | |a Beverly Hills , Calif. |b Sage Publ. |c 1984 | |
| 300 | |a 316 S. |b graph. Darst. |c 8° | ||
| 336 | |a Text |b txt |2 rdacontent | ||
| 337 | |a ohne Hilfsmittel zu benutzen |b n |2 rdamedia | ||
| 338 | |a Band |b nc |2 rdacarrier | ||
| 490 | 1 | |a Sage modern politics series |v 8 | |
| 500 | |a Literaturangaben | ||
| 583 | 1 | |a Archivierung prüfen |c 20240324 |f DE-4165 |z 3 |2 pdager | |
| 650 | 4 | |a Arbeitslosigkeit | |
| 650 | 4 | |a Arbeitsmarkt | |
| 650 | 4 | |a Arbeitsmarktpolitik | |
| 650 | 4 | |a Internationaler Vergleich | |
| 655 | 7 | |a Aufsatzsammlung |0 (DE-588)4143413-4 |0 (DE-627)105605727 |0 (DE-576)209726091 |2 gnd-content | |
| 655 | 7 | |a Konferenzschrift |y 1982 |z Århus |0 (DE-588)1071861417 |0 (DE-627)826484824 |0 (DE-576)433375485 |2 gnd-content | |
| 689 | 0 | 0 | |d s |0 (DE-588)4002730-2 |0 (DE-627)106392182 |0 (DE-576)208848495 |a Arbeitslosigkeit |2 gnd |
| 689 | 0 | |5 (DE-627) | |
| 689 | 1 | 0 | |d s |0 (DE-588)4002737-5 |0 (DE-627)106392166 |0 (DE-576)208848517 |a Arbeitsmarktpolitik |2 gnd |
| 689 | 1 | |5 (DE-627) | |
| 700 | 1 | |a Richardson, J. J. |d 1942- |e Hrsg. |0 (DE-588)122789768 |0 (DE-627)060412569 |0 (DE-576)162718071 |4 edt | |
| 700 | 1 | |a Henning, Roger |4 oth | |
| 710 | 2 | |a European Consortium for Political Research |0 (DE-588)1023711-2 |0 (DE-627)103533354 |0 (DE-576)191274178 |4 oth | |
| 830 | 0 | |a Sage modern politics series |v 8 |9 8 |w (DE-627)167327593 |w (DE-576)008465479 |w (DE-600)448304-2 |7 am | |
| 935 | |i Blocktest | ||
| 936 | r | v | |a QV 202 |b Arbeitslosigkeit |k Wirtschaftswissenschaften |k Arbeitnehmerfragen (Labor Economics) |k Arbeitsangebot. Arbeitsmarkt |k Arbeitslosigkeit |0 (DE-627)1271086719 |0 (DE-625)rvk/142139: |0 (DE-576)201086719 |
| 936 | r | v | |a QV 200 |b Allgemeines |k Wirtschaftswissenschaften |k Arbeitnehmerfragen (Labor Economics) |k Arbeitsangebot. Arbeitsmarkt |k Allgemeines |0 (DE-627)1270742361 |0 (DE-625)rvk/142138: |0 (DE-576)200742361 |
| 936 | r | v | |a MS 5350 |b Arbeiterbewegung und Arbeitslosigkeit |k Soziologie |k Spezielle Soziologien |k Wirtschafts-, Industrie- und Techniksoziologie |k Arbeiterbewegung und Arbeitslosigkeit |0 (DE-627)1270883704 |0 (DE-625)rvk/123724: |0 (DE-576)200883704 |
| 936 | s | n | |a m200 |2 mzub |
| 936 | s | n | |a q100 |2 mzub |
| 951 | |a BO | ||
| ELC | |b 1 | ||
| LOK | |0 000 xxxxxcx a22 zn 4500 | ||
| LOK | |0 001 3204245063 | ||
| LOK | |0 003 DE-627 | ||
| LOK | |0 004 196985293 | ||
| LOK | |0 005 20020115000000 | ||
| LOK | |0 008 900704||||||||||||||||ger||||||| | ||
| LOK | |0 040 |a DE-21 |c DE-627 |d DE-21 | ||
| LOK | |0 852 |a DE-21 | ||
| LOK | |0 852 1 |c KB 17 A 439 |9 00 | ||
| LOK | |0 935 |a krim | ||
| LOK | |0 936ln |a k1 | ||
| LOK | |0 939 |a 04-07-90 |b l01 | ||
| ORI | |a WA-MARC-krimdoka001.raw | ||
| SIG | |a UB: KB 17 A 439 | ||
| TIM | |a 100019820101_100019821231 |b 1982 - 1982 | ||
